Journalism ethics and regulation / (Record no. 21842)
[ view plain ]
| 000 -LEADER | |
|---|---|
| fixed length control field | 01623cam a22003015a 4500 |
| 001 - CONTROL NUMBER | |
| control field | 18699608 |
| 005 - DATE AND TIME OF LATEST TRANSACTION | |
| control field | 20160601131919.0 |
| 008 - FIXED-LENGTH DATA ELEMENTS--GENERAL INFORMATION | |
| fixed length control field | 150714s2016 enka frbd 001 0 eng d |
| 020 ## - INTERNATIONAL STANDARD BOOK NUMBER | |
| International Standard Book Number | 9781138796584 (pbk.) |
| 040 ## - CATALOGING SOURCE | |
| Original cataloging agency | DLC |
| Language of cataloging | eng |
| Transcribing agency | DLC |
| Modifying agency | EG-ScBUE |
| 082 04 - DEWEY DECIMAL CLASSIFICATION NUMBER | |
| Edition number | 22 |
| Classification number | 070.43 |
| Item number | FRO |
| 100 1# - MAIN ENTRY--PERSONAL NAME | |
| Personal name | Frost, Chris, |
| Dates associated with a name | 1950- |
| 9 (RLIN) | 37799 |
| 245 10 - TITLE STATEMENT | |
| Title | Journalism ethics and regulation / |
| Statement of responsibility, etc | Chris Frost. |
| 250 ## - EDITION STATEMENT | |
| Edition statement | 4th ed. |
| 260 ## - PUBLICATION, DISTRIBUTION, ETC. (IMPRINT) | |
| Place of publication, distribution, etc | Oxon ; |
| -- | New York : |
| Name of publisher, distributor, etc | Routledge / Taylor & Francis Group, |
| Date of publication, distribution, etc | 2016. |
| 300 ## - PHYSICAL DESCRIPTION | |
| Extent | xiv, 430 p. : |
| Other physical details | ill. ; |
| Dimensions | 24 cm. |
| 500 ## - GENERAL NOTE | |
| General note | Originally published under the title: Media ethics and self-regulation. |
| 500 ## - GENERAL NOTE | |
| General note | Glossary : p. [402] |
| 500 ## - GENERAL NOTE | |
| General note | Index : p. [410]-430. |
| 504 ## - BIBLIOGRAPHY, ETC. NOTE | |
| Bibliography, etc | Bibliography : p. [403]-409. |
| 505 0# - FORMATTED CONTENTS NOTE | |
| Formatted contents note | What are ethics? -- News: towards a definition -- Morality of reporting -- The good journalist -- Truth, accuracy, objectivity and trust -- Privacy and intrusion -- Reputation -- Gathering the news -- Reporting the vulnerable -- Deciding what to publish -- Harm and offence -- Professional practice -- Regulation -- History of print regulation in the 20th century -- History of print regulation in the 21st century -- History of broadcast regulation -- Codes of conduct as a regulatory system -- Press regulation systems in the UK and Ireland -- Broadcast regulation systems in the UK and Ireland -- The internet and journalism ethics -- The experinece abroad. |
| 650 #7 - SUBJECT ADDED ENTRY--TOPICAL TERM | |
| Topical term or geographic name as entry element | Journalistic ethics. |
| Source of heading or term | BUEsh |
| 9 (RLIN) | 37793 |
| 650 #7 - SUBJECT ADDED ENTRY--TOPICAL TERM | |
| Topical term or geographic name as entry element | Reporters and reporting. |
| Source of heading or term | BUEsh |
| 9 (RLIN) | 37383 |
| 650 #0 - SUBJECT ADDED ENTRY--TOPICAL TERM | |
| Topical term or geographic name as entry element | Press law. |
| Source of heading or term | BUEsh |
| 651 ## - SUBJECT ADDED ENTRY--GEOGRAPHIC NAME | |
| Source of heading or term | BUEsh |
| 653 ## - INDEX TERM--UNCONTROLLED | |
| Resource For college | Communication and mass media |
| Arrived date list | May2016 |
| 942 ## - ADDED ENTRY ELEMENTS (KOHA) | |
| Source of classification or shelving scheme | Dewey Decimal Classification |
| Withdrawn status | Item status | Source of classification or shelving scheme | Damaged status | Not for loan | Vendor | Home library | Current library | Shelving location | Date acquired | Source of acquisition | Cost, normal purchase price | Total Checkouts | Total Renewals | Full call number | Barcode | Date last seen | Date last borrowed | Cost, replacement price | Koha item type |
|---|---|---|---|---|---|---|---|---|---|---|---|---|---|---|---|---|---|---|---|
| Dewey Decimal Classification | Alahram | Central Library | Central Library | Lower Floor | 01/06/2016 | Purchase | 406.00 | 1 | 1 | 070.43 FRO | 000032624 | 15/07/2025 | 17/10/2019 | 507.50 | Book - Borrowing |